Normal view
MARC view
Entry Topical Term
001 - CONTROL NUMBER
- control field: 21269
003 - CONTROL NUMBER IDENTIFIER
- control field: ARRUPE
005 - DATE AND TIME OF LATEST TRANSACTION
- control field: 20151208120002.0
008 - FIXED-LENGTH DATA ELEMENTS
- fixed length control field: 151208|| aca||aabn | a|a d
040 ## - CATALOGING SOURCE
- Original cataloging agency: ARRUPE
- Transcribing agency: ARRUPE
150 ## - HEADING--TOPICAL TERM
- Topical term or geographic name as entry element: Bible. N.T. Gospels
- General subdivision: Introductions
670 ## - SOURCE DATA FOUND
- Source citation: Work cat.: (ARRUPE): Powell, Mark Allan 21268, Fortress Introduction to The Gospels, 1998